000 00717nam a2200289Ia 4500
005 20260324134215.0
008 008 260324s9999 xx 000 0 eng d
020 _a9780203465318
037 _aEBOOK
040 _aCRL
040 _beng
040 _cCRL
041 _2eng
041 _aeng
084 _qCRL
100 _aJan Glete
_91188046
245 0 _aWar and the State in Early Modern Europe
245 0 _bSpain, the Dutch Republic and Sweden as Fiscal-Military States
260 _bTaylor and Francis
260 _c2002
365 _a
365 _b230
856 _uhttp://www.taylorfrancis.com/books/9780203465318
942 _cEBOOK
999 _c1795784
_d1795784